000 00830nam a22002777a 4500
001 9106
003 FISKH
005 20251125101001.0
008 251121b cb ||||| |||| 00| 0 eng d
020 _a9780618285709
040 _aFISKH
_beng
_cFISKH
_dFISKH
050 _aPE1119.H698 G
082 _a028
100 _aMcDonald, Tara
_eAuthor
245 _aChad and the big egg /
_cby Tara McDonald ; illustrated by Susan Gal
260 _aBoston :
_bHoughton Mifflin ,
_c2004
300 _a12 pages :
_bcolor illustrations ;
_c21 cm
505 _aE
520 _aChad finds a very large egg. When it hatches he helps the new baby find its family.
521 8 _a200
_bLexile
521 8 _aE
_bRaz-Plus
650 _aChildren
_vAnimals
700 _aGal, Susan
_eIllustrator
942 _2ddc
_cBK
_n0
999 _c9106
_d9106